000
00226nam a22000857a 4500
008
160926b xxu||||| |||| 00| 0 eng d
100
_9
739
_a
Gangal.J.K.
245
_a
English Grammar-7
260
_a
New Delhi
_b
Rachna Publications
_c
2011
999
_c
3396
_d
3396